[Event "Novgorod"]
[Site "Novgorod"]
[Date "1995.06.02"]
[Round "6"]
[White "Kramnik, Vladimir"]
[Black "Kasparov, Garry"]
[Result "1/2-1/2"]
[WhiteElo "2715"]
[BlackElo "2805"]
[Annotator "Dolmatov,S"]
[PlyCount "115"]
[EventDate "1995.05.??"]
[EventType "tourn"]
[EventRounds "9"]
[EventCountry "RUS"]
[EventCategory "17"]
[SourceTitle "CBM 048"]
[Source "ChessBase"]
[SourceDate "1995.10.01"]
[SourceVersion "1"]
[SourceVersionDate "1995.10.01"]
[SourceQuality "1"]

1. e4 {Hansen,Cu} e5 2. Nf3 Nc6 3. Bc4 Nf6 4. d3 Be7 5. O-O O-O 6. Bb3 d5 7.
exd5 Nxd5 8. Re1 (8. h3 $5) 8... Bg4 (8... Bf6 {Hansen,Cu} 9. Nbd2 (9. h3 Re8
10. Nbd2 Na5 11. Nc4 Nxc4 12. dxc4 e4 13. Qxd5 exf3 $10 {Groenegress,W-Seegers,
H/BL 8384 Muenster-Enger [7] 1983/0-1 (58)}) 9... Bg4 10. h3 Bh5 11. Ne4 Nf4
12. Ng3 Bxf3 13. Qxf3 Rb8 (13... Ng6 14. Ba4 Qd7 15. Bd2 Be7 16. Bc3 f6 17. Nf5
Rfd8 18. Qg4 Bf8 19. Re4 Rab8 20. Bb3+ Kh8 21. Qxg6 {1-0 Degraeve,J.
M-Slobodjan,R/Montpellier 1993}) 14. Qe4 Ng6 15. c3 Bg5 16. Nf5 $16 {Beliavsky,
A-Agzamov,G/URS 31/(376) 1981}) 9. h3 (9. Nbd2 {Hansen,Cu} f6 10. h3 Bh5 11. c3
Kh8 12. Ne4 Qd7 $10 {Pikula,D-Petronijevic,Z/YUG-chT (Cetinje) 1993 (42)}) 9...
Bh5 (9... Bxf3 10. Qxf3 Nd4 (10... Nb6 11. Nc3 Bg5 12. Be3 Bxe3 13. Rxe3 Kh8
$10 {Armas,I-Garcia Palermo,C/BL 8990 Koblenz-Delmenhorst [1] 1990 (36)}) 11.
Qxd5 (11. Qd1 Bc5 (11... Nxb3 12. axb3 f6 (12... Bf6) 13. Nc3 Nb4 14. Be3 f5
15. Bd2 Nc6 16. Nb5 Bf6 17. Be3 Qd7 18. Na3 $10 {Kosten,A-Dreev,A/Reykjavik
Summit 1990/1/2-1/2 (48)}) 12. Nc3 Nxb3 13. axb3 Bd4 14. Bd2 c6 15. Nxd5 cxd5
16. Bc3 Bxc3 17. bxc3 Qc7 18. c4 {1/2-1/2 Gipslis,A-Van Riemsdijk,H/Groningen
op (08) 1990}) 11... Qxd5 12. Bxd5 Nxc2 13. Bd2 Nxa1 14. Rc1 {Hansen,Cu} Rad8
15. Nc3 c6 16. Bf3 Rxd3 17. Be3 Bb4 18. Be2 Rd7 19. Rxa1 Ba5 20. Na4 (20. Rd1
Rxd1+ 21. Bxd1 Rd8 22. Bc2 Bb6 23. Nb1 Bxe3 24. fxe3 g6 $15 {Dizdar,
S-Mikhalchishin,A/Zenica (01) 1989 (42)}) 20... b6 21. Rc1 Rd6 22. Kf1 $10 {
Fossan,E-Emms,J/Gausdal Troll (05) 1992/1/2-1/2 (63)}) 10. g4 Bg6 11. Nxe5 Nxe5
12. Rxe5 c6 13. Qf3 (13. Bxd5 {Hansen,Cu} cxd5 14. Qf3 d4 15. Nd2 Bd6 16. Rd5
$5 f5 17. gxf5 Bf7 18. Rb5 a6 19. Rxb7 Be7 20. f6 Bxf6 21. Qg4 $16 {
Kudzin-Psachis/Graz/1981}) 13... Bf6 (13... Bd6 14. Re2 (14. Re1 $6 Kh8 15. Nc3
$2 Nxc3 16. bxc3 f5 17. g5 f4 18. h4 Bf5 19. Kh1 Qd7 20. Rg1 Rae8 21. Bb2 Re2
$1 $17) 14... Kh8 (14... f5 {Hansen,Cu} 15. Nc3 fxg4 16. Qxg4 {1/2-1/2 Pavlov,
Mirc-Chekhov,V/Halle (03) 1981}) (14... Qh4 15. Bxd5 cxd5 16. Nc3 Kh8 17. Qxd5
Rad8 18. Bg5 Qxh3 19. Qg2 $16 {Nunn,J-Fernandez Garcia,J/Lugano 35/411 1983 
(43)}) 15. Nc3 (15. Bxd5 cxd5 16. Nc3 d4 17. Nb5 Bc5 18. Bf4 (18. Qxb7 a6 19.
Na3 f5 $17) 18... Qd7 19. a4 f5 20. g5 Bf7 21. b4 Bxb4 22. Rb1 Bd5 (22... a5 $2
23. Be5 Bc5 24. Nc7 $16) 23. Qh5 Bf7 24. Qf3 Bd5 {1/2-1/2 Melz,MA-Franzew,GN/
cr ch (15,SF) (FS 99/86) 1986}) 15... Nxc3 16. bxc3 f5 (16... Qh4 17. Bd2 f5
18. Rae1 $16 {Gipslis,A-Fernandez Garcia,J/Jurmala 36/(395) 1983}) 17. Qg2 $14)
14. Re2 Kh8 (14... Qd7 $5 15. Nd2 Rae8 16. Rxe8 Rxe8 17. Ne4 Bd4 $132) (14...
Re8 {Hansen,Cu} 15. Nd2 Rxe2 16. Qxe2 Bg5 $44 {Thomas,I-Hoiberg/Esbjerg II (10)
1988 (40)}) 15. Bxd5 cxd5 (15... Qxd5 16. Qxd5 cxd5 17. Nc3 Rfd8 $16) 16. Nc3
Bxc3 $14 17. bxc3 Rc8 (17... f5 $5 {Hansen,Cu} 18. Qg3 (18. g5 Rc8) 18... Rc8
19. Bd2 $14 {[%csl Rg6][%cal Ya1e1,Yd4h8]}) 18. Ba3 Re8 19. Rxe8+ (19. Rae1 $6
Rxe2 20. Rxe2 f6 $5 (20... Rxc3 $2 21. Qxd5 $16) (20... h6 21. Re5 Qa5 22. Bb4
Qxa2)) 19... Qxe8 20. Qxd5 Rxc3 (20... Qa4 $2 21. Qxb7 $16) 21. Bb4 Rxc2 22.
Re1 Qc8 23. Qxb7 h5 $8 (23... Bxd3 $6 24. Qxf7 Bg6 25. Qxa7 $16) 24. Qxc8+ Rxc8
25. d4 {[%cal Yd4d6]} hxg4 26. hxg4 f5 27. gxf5 (27. Re7 $6 fxg4 28. Rxa7 Rc4
29. Bc5 Be4 $132) (27. g5 $5) (27. d5 {Hansen,Cu} Rc4 $10 (27... fxg4 $2 28. d6
$16 (28. Be7 $5))) 27... Bxf5 28. Bc5 a5 29. Re7 $6 {[%cal Yc5d6,Yd6e5]} (29.
Kg2 $5 $16) 29... Rc6 30. Re5 (30. Ra7 Rg6+ 31. Kf1 Ra6 32. Rxa6 Bd3+ 33. Ke1
Bxa6 $10) 30... Bb1 31. a3 Kg8 32. f3 a4 33. Kf2 Rf6 34. Re8+ $2 (34. Ke3 $5
Ba2 35. d5 Kf7 36. f4 $16 (36. d6 $2 Re6 $10)) (34. d5 {Hansen,Cu} Rf5 35. Re8+
Kf7 (35... Kh7 $6 36. d6 $16) 36. Rf8+ (36. Rd8 Be4 37. Rf8+ Kg6 38. Rxf5 Bxf5
$10) 36... Kg6 $10) 34... Kf7 35. Re7+ Kg6 36. Ke3 (36. d5 {Hansen,Cu} Rf5 $10)
36... Ba2 {[%csl Gd5]} 37. Ra7 Bd5 38. f4 (38. Rxa4 Rxf3+ 39. Kd2 Kf5 $10)
38... Kf5 $14 39. Rxg7 Re6+ 40. Kd3 Kxf4 41. Rf7+ Kg4 42. Rd7 Bb3 43. Bb4 (43.
d5 Re5 44. Kd4 Rxd5+ 45. Rxd5 Bxd5 46. Kxd5 Kf5 $10) 43... Kf3 44. Rf7+ (44. d5
{Hansen,Cu} Re3+ 45. Kd4 $14) 44... Kg4 45. Rd7 Kf3 46. Rf7+ (46. d5 Re5 47. d6
Kf4 (47... Rd5+ $6 48. Kc3 Rd1 49. Re7 Kf4 50. d7 Kf5 51. Ba5 $18) 48. Rc7 Rd5+
49. Kc3 Rd1 $10) 46... Kg4 47. Rf8 Rh6 48. Ke4 Re6+ 49. Kd3 Rh6 50. Bc5 Rh3+
51. Ke4 Rh5 52. Rf4+ Kg3 53. Ke3 Rh6 54. Rf1 Kg4 55. Ke4 Re6+ 56. Kd3 Re8 57.
Kc3 Rb8 58. Rf2 1/2-1/2

[Event "Novgorod"]
[Site "Novgorod"]
[Date "1995.06.03"]
[Round "7"]
[White "Vaganian, Rafael A"]
[Black "Kramnik, Vladimir"]
[Result "0-1"]
[WhiteElo "2640"]
[BlackElo "2715"]
[Annotator "Dolmatov,S"]
[PlyCount "98"]
[EventDate "1995.05.??"]
[EventType "tourn"]
[EventRounds "9"]
[EventCountry "RUS"]
[EventCategory "17"]
[SourceTitle "CBM 048"]
[Source "ChessBase"]
[SourceDate "1995.10.01"]
[SourceVersion "1"]
[SourceVersionDate "1995.10.01"]
[SourceQuality "1"]

1. Nf3 {Horn,Pe} d5 2. g3 Bg4 3. Bg2 Nd7 4. O-O c6 5. d3 Ngf6 6. Nbd2 e5 7. e4
dxe4 (7... Bd6 8. h3 Bh5) 8. dxe4 Be7 (8... Bc5 9. c3 a5 10. Qc2 O-O 11. b3 Re8
12. Bb2 Qc7 13. a3 b5 14. h3 $14 {Ivkov,B-Marovic,D/JUG/1972/}) (8... Bd6 9. b3
O-O 10. Bb2 Re8 11. Qb1 a5 12. a3 Qc7 13. h3 Bh5 14. Nh4 $14) 9. h3 Bh5 10. b3
(10. Qe2 {Horn,Pe} O-O 11. a4 a5 12. Nc4 Qc7 13. Bd2 Rfe8 14. Qe1 b6 15. Nh4
Bc5 16. Nf5 Bg6 17. Nce3 Nf8 18. Ng4 Nxg4 19. hxg4 Ne6 20. c3 Rad8 21. Qe2 Rd7
22. Rfd1 Red8 23. Be1 {1/2-1/2 Hartoch,R-Brenninkmeijer,R/Wijk-B 1987}) (10.
Qe1 {Horn,Pe} O-O 11. Nh4 Re8 12. Nf5 Bf8 13. a4 Nc5 14. Nc4 b5 15. axb5 cxb5
16. Na5 Ne6 17. Be3 Qc7 18. Qb1 Nc5 19. f3 Bg6 20. Nh4 Na4 21. Nb3 Red8 22.
Nxg6 hxg6 23. c3 Nd7 24. Qc2 Ndb6 25. Rae1 Nc4 26. Bc1 a5 27. Kh1 Naxb2 28.
Bxb2 a4 29. Bc1 axb3 30. Qxb3 Nd2 31. Bxd2 Rxd2 32. Rd1 Raa2 33. Rxd2 Rxd2 34.
f4 exf4 35. e5 fxg3 36. e6 Qe5 37. exf7+ Kh7 38. Qb1 Rxg2 39. Kxg2 Qe2+ 40.
Kxg3 Bd6+ {0-1 King,D-Yusupov,A/BL 9495 Castrop Rauxel-Bayern [2] 1994}) 10...
O-O 11. Bb2 Qc7 12. c4 $6 {Horn,Pe Jetzt entsteht eine Struktur, die aus dem
Reti-System mit b3 (A12) bekannt ist. Schwarz hat bei der Zugfolge ein Tempo 
(durch e7-e5) gewonnen, der Aufbau Be7 ist aber dort selten.} (12. a3 a5 13.
Qe1 Rfe8 14. Nh4 $14) 12... a5 13. a3 Rfd8 14. Qc2 Ne8 {[%cal Gf7f6]} 15. Bc3 {
[%cal Gb3b4]} f6 16. b4 (16. Nh4 Nc5 $132) 16... Nd6 (16... Nf8 $5 17. c5 Bf7
18. Rfc1 b6 $132) (16... axb4 {Horn,Pe} 17. axb4 Nd6 18. c5 Nb5 19. Rxa8 Rxa8
20. Ra1 Rxa1+ 21. Bxa1 $10) 17. Rfc1 (17. c5 Nb5 18. Bb2 axb4 19. axb4 b6 $15)
(17. bxa5 {Horn,Pe} Bf7 18. Rfd1 (18. Rfe1) 18... Nxc4 $140 $2 (18... Bxc4 $2
19. Nxc4 Nxc4 20. Qb3 $16) (18... b6 $5) (18... c5 $14) 19. Nxc4 Bxc4 20. Bb4
$18) (17. Rfe1 {Horn,Pe} Bf7 18. bxa5 $5 $14 (18. Bf1 {Horn,Pe} axb4 19. axb4
c5 20. bxc5 Nxc5 21. Bb4 $10) 18... Nxc4 $2 (18... Bxc4 $2 19. Nxc4 Nxc4 20.
Qb3 $16) 19. Nxc4 Bxc4 20. Bb4 $18) 17... Bf7 18. Bf1 axb4 19. axb4 c5 $1 (
19... Nf8 20. c5 Nb5 21. Nc4 $14) 20. b5 Nf8 21. Nh4 Rxa1 22. Rxa1 Qd7 (22...
Ne6 23. Ng2 (23. Nf5 {Horn,Pe} Nxf5 24. exf5 Nd4 25. Qe4 $14) 23... Nd4 24. Qb1
$132) (22... g6 $2 23. Ng2 Ne6 24. Ne3 $14) 23. Nf5 $6 (23. Kh2 $5 Ne6 24. Ng2
Nd4 25. Qd1 $10) 23... Be6 24. Nxd6 (24. g4 $6 Ng6 25. Ne3 h5 (25... Nf4 {
Horn,Pe} 26. Nd5 $13) 26. f3 Bf8 27. Nd5 hxg4 28. hxg4 Bxg4 29. fxg4 Qxg4+ 30.
Bg2 Nh4 $132) (24. Nxe7+ Qxe7 25. Kh2 Bf7 26. Bd3 Ne6 $15) (24. Ne3 $2 {Horn,Pe
} Bxh3 25. Bxh3 Qxh3 26. Nd5 Qd7 $17) 24... Bxd6 25. h4 Bf7 26. Kh2 Ne6 {
[%cal Re6d4]} 27. Bh3 Qe7 28. Kg2 (28. Bxe6 Bxe6 29. Bb2 Qf7 30. Ra4 g5 $1 $40)
28... Nd4 29. Qd1 Bc7 30. Ra7 Bb6 31. Ra4 g6 $17 32. Qa1 Kg7 (32... Ne2 $5) 33.
Nf1 Ne2 34. Bb2 (34. Ne3 Nxc3 35. Qxc3 Rd4 36. Nd5 Bxd5 37. exd5 f5 $40) 34...
Qd6 35. Qb1 (35. Ne3 $2 {Horn,Pe} Qd3 $17 {[%csl Re4]}) 35... Qd1 36. Qxd1 Rxd1
37. Ne3 (37. Bg4 $1 {Horn,Pe} Re1 38. Ne3 Rg1+ 39. Kh2 Rb1 40. Ba1 $10) 37...
Rg1+ 38. Kh2 Rb1 39. Ra2 (39. Ba1 {Horn,Pe} Nd4 (39... Rb4 40. Ra8 Bxc4 41.
Nxc4 Rxc4 42. Rb8 Ba5 43. Rxb7+) 40. Bc8 $10) 39... Nd4 40. Bc8 (40. Kg2 $2
Nxb5 41. Nd5 Bxd5 42. exd5 Nd6 $17) 40... Nf3+ $1 (40... Nxb5 $2 41. Bxb7 Nd6 (
41... Nd4 {Horn,Pe} 42. Bd5 $10) 42. Bd5 $10) 41. Kg2 Nd2 {[%csl Rc4,Re4]} 42.
Bxb7 (42. Bxe5 Nxc4 $17) (42. Nd5 {Horn,Pe} Bxd5 (42... Nxc4 43. Nxb6 Nxb6 44.
Bxb7 Nc4 45. Bc3 Rxb5) 43. cxd5) 42... Nxc4 43. Nd5 Rxb2 (43... Nxb2 {Horn,Pe}
44. Ra6 Bd8 45. Ra8 Nd1 46. Rxd8 Rxb5 $19) 44. Rxb2 Bxd5 45. Rc2 Ne3+ 46. fxe3
Bxb7 47. Rd2 Bxe4+ 48. Kf2 c4 49. Rd7+ Kh6 (49... Kh6 50. Rd6 c3 51. Rxb6 c2
$19) 0-1

[Event "PCA/Intel-GP"]
[Site "New York"]
[Date "1995.06.22"]
[Round "2.1"]
[White "Kramnik, Vladimir"]
[Black "Ehlvest, Jaan"]
[Result "1/2-1/2"]
[WhiteElo "2715"]
[BlackElo "2615"]
[Annotator "Vaisser,A"]
[PlyCount "93"]
[EventDate "1995.06.??"]
[EventType "k.o. (rapid)"]
[EventRounds "4"]
[EventCountry "USA"]
[SourceTitle "CBM 047 Extra"]
[Source "ChessBase"]
[SourceDate "1995.09.01"]
[SourceVersion "1"]
[SourceVersionDate "1995.09.01"]
[SourceQuality "1"]

1. Nf3 c5 2. c4 Nf6 3. Nc3 e6 4. g3 b6 5. Bg2 Bb7 6. O-O a6 7. d4 cxd4 8. Qxd4
d6 9. Rd1 Be7 10. b3 Nbd7 11. e4 Qc8 12. Bb2 O-O 13. Qe3 Qc7 14. Nd4 Rfe8 15.
h3 Rac8 16. Re1 Bf8 17. Re2 Qb8 18. Rd1 g6 19. Qd2 Qa8 20. Qe1 Nc5 21. Nc2 Ncd7
22. Na4 $1 b5 23. Bxf6 bxa4 24. Bb2 axb3 25. axb3 Nc5 26. Nb4 $14 Qb8 27. Nd3 (
27. f4 $1) 27... e5 28. Nxc5 dxc5 29. Qc3 Bc6 30. h4 Rcd8 31. Rxd8 Qxd8 32. Rd2
Qa8 33. Qe3 h5 34. f4 Bg7 35. f5 gxf5 36. exf5 Bxg2 37. Rxg2 Rd8 38. Qg5 f6 39.
Qxh5 Qe4 $132 40. Kh2 Qb1 41. Qf3 Rd1 42. Re2 {[#]} e4 $1 43. Qg2 (43. Qxe4 $2
Qxe4 44. Rxe4 Rd2+) 43... Qd3 44. Kh3 Rh1+ $1 45. Kg4 {[#]} Qd1 $2 (45... Rg1
$1 46. Qxe4 Qxg3+ 47. Kh5 Kh7 $1 (47... Qh3 48. Bc1 $8 Kh7 (48... Rxc1 $2 49.
Qe8+ Bf8 50. Qg6+ Kh8 51. Rg2 Qf3+ 52. Rg4 $18) 49. Be3 Rg3 $44) 48. Rc2 (48.
Bc1 $2 Rxc1 49. Rg2 Re1 $1 50. Qb7 Re7 $1 $19 {Ljubojevic}) (48. Rd2 $2 Qh3 49.
Bxf6 $8 Bxf6 50. Rd7+ Kh8 (50... Rg7 $4 51. Rxg7+ Kxg7 52. Qb7+ Kg8 53. Kg6 $1
$18) 51. Rf7 Bxh4 $1 52. Qxh4 Qf3+ $10 53. Kh6 Qe3+ 54. Kh5 Kg8 $1 $19 55. Re7
Qf3+ 56. Kh6 Rh1 $19) 48... Qh3 49. Bc1 Rf1 (49... Re1 $2 50. Qg4) 50. Rg2 $1 (
50. Bf4 $2 Re1 $1 $19) 50... Rxf5+ (50... Rxc1 $2 51. Rxg7+ $1 Kxg7 52. Qe7+
$10) 51. Bg5 Qf3+ (51... fxg5 $2 52. Rf2 $1 $18 (52. Rxg5 $2 Qf3+ $19)) 52.
Qxf3 Rxf3 53. Kg4 Rxb3 54. Bf4 $15) 46. Qxe4 Rh2 47. Qe8+ 1/2-1/2

[Event "PCA/Intel-GP"]
[Site "New York"]
[Date "1995.06.23"]
[Round "3.2"]
[White "Kasparov, Garry"]
[Black "Kramnik, Vladimir"]
[Result "1/2-1/2"]
[WhiteElo "2805"]
[BlackElo "2715"]
[Annotator "Tischbierek,R"]
[PlyCount "62"]
[EventDate "1995.06.??"]
[EventType "k.o. (rapid)"]
[EventRounds "4"]
[EventCountry "USA"]
[SourceTitle "CBM 047 Extra"]
[Source "ChessBase"]
[SourceDate "1995.09.01"]
[SourceVersion "1"]
[SourceVersionDate "1995.09.01"]
[SourceQuality "1"]

1. c4 c5 2. Nc3 g6 3. g3 Bg7 4. Bg2 Nc6 5. a3 a6 6. Rb1 Rb8 7. b4 cxb4 8. axb4
b5 9. cxb5 axb5 10. Nf3 d5 11. d4 e6 12. Bf4 Rb6 13. e4 {[#]} Nf6 (13... dxe4
14. Nxe4 Nxd4 15. Rc1 $1 (15. Nxd4 Bxd4 16. O-O e5 17. Re1) 15... Nxf3+ (15...
Bb7 16. Nxd4 Qxd4 (16... Bxd4 17. Bc7) 17. Qxd4 Bxd4 18. Bc7 Ra6 19. Nd6+ Rxd6
20. Bxb7 Rd7 21. Bc6) 16. Qxf3 e5 (16... Bb7 17. Bc7 Bxe4 18. Qxe4 Qc8 (18...
Qc8 19. O-O $18)) 17. Qc3) (13... Nge7 $5) 14. e5 Ne4 (14... Nd7) 15. Nxe4 dxe4
16. Nd2 O-O (16... Nxd4 17. Nxe4 Bb7 18. Bg5 Qd7 (18... Nc2+ 19. Qxc2 Bxe4 20.
Rd1 $1 $18) 19. Nc5) 17. Be3 f5 (17... Nxd4 $2 18. Nb3 Bxe5 19. Bxd4 Rd6 20.
Bxe5 Rxd1+ 21. Rxd1 $16) 18. exf6 Bxf6 19. Nxe4 (19. d5 exd5 20. Bxb6 Qxb6 21.
Qb3 Ne7 $44 22. Nxe4 $2 Qe6) 19... Bxd4 20. O-O e5 (20... Bxe3 21. fxe3 Rxf1+ (
21... Qxd1 $6 22. Rbxd1 Rxf1+ (22... Ne7) 23. Bxf1 Ne7 24. Rd8+ Kg7 25. Re8 Kf7
26. Bxb5 $1 $16) 22. Qxf1 Qe7 $14) 21. Bg5 (21. Bh6 $16 Re8 (21... Rf7 22. Ng5
(22. Qb3 Qe7 23. Ng5)) (21... Rf5 22. Qb3+ Kh8 23. g4 Rf8 24. Bxf8 Qxf8 25. h3)
22. Bg5 (22. Bg5 Ne7 23. Nf6+)) 21... Ne7 22. Rc1 Bb7 23. Qc2 Rf7 24. Qd2 Qa8
25. Qd3 Nd5 26. Qb3 {[#]} Nc3 $1 27. Rxc3 Bxc3 28. Nf6+ Rbxf6 29. Bxb7 Qxb7 30.
Bxf6 Qf3 31. Qe6 Qxf6 (31... Qxf6 32. Qc8+ Kg7 33. Qxc3 $10) 1/2-1/2

[Event "PCA/Intel-GP"]
[Site "New York"]
[Date "1995.06.23"]
[Round "3.3"]
[White "Kramnik, Vladimir"]
[Black "Kasparov, Garry"]
[Result "1/2-1/2"]
[WhiteElo "2715"]
[BlackElo "2805"]
[Annotator "Vaisser,A"]
[PlyCount "132"]
[EventDate "1995.06.??"]
[EventType "k.o. (rapid)"]
[EventRounds "4"]
[EventCountry "USA"]
[SourceTitle "CBM 047 Extra"]
[Source "ChessBase"]
[SourceDate "1995.09.01"]
[SourceVersion "1"]
[SourceVersionDate "1995.09.01"]
[SourceQuality "1"]

1. e4 e5 2. Nf3 Nf6 3. Nxe5 d6 4. Nf3 Nxe4 5. Nc3 Nxc3 6. dxc3 Be7 7. Be3 O-O
8. Qd2 Nc6 9. O-O-O Ne5 10. Nd4 c5 11. Nb5 Qa5 (11... Be6 12. Nxd6 Qb6 13. b4
Bxd6 14. Qxd6 Qxd6 15. Rxd6 cxb4 16. cxb4 Bxa2 17. Bf4 f6 $10) 12. a3 Be6 (
12... a6 13. Nxd6 Rd8 14. Nxc8 Rxd2 15. Nxe7+ Kf8 16. Rxd2 Kxe7 17. Rd5 Nd7 18.
Be2 $44) 13. Nxd6 Qb6 14. f4 $1 (14. b4 Rfd8 15. Bxc5 Qc6 $44 (15... Rxd6 $2
16. Qxd6 $1 $18) 16. f4) 14... Ng4 15. f5 Qxd6 (15... Rad8 16. fxe6 Rxd6 17.
exf7+ Rxf7 18. Bd3 $16) 16. Qxd6 Bxd6 17. Rxd6 Nxe3 18. fxe6 fxe6 (18... Nxf1
19. Rxf1 fxe6 20. Rxf8+ Rxf8 21. Rxe6 Rf2 $13 22. Re7 Rxg2 23. h4 Rh2 24. Rxb7
Rxh4 25. Rxa7 Rh1+ 26. Kd2 h5 27. b4 h4 $13) 19. Bd3 Rae8 (19... Nxg2 $6 20.
Be4 Nf4 21. Bxb7 Rab8 22. Be4 $16) 20. Be4 Re7 21. Re1 Ng4 22. h3 Nf6 23. Bf3
Rfe8 $6 (23... e5 $5) 24. Re5 $1 b6 25. Bc6 Rc8 26. Bb5 Kf7 27. Bc4 Rce8 28. b4
Nd5 29. Rdxe6 (29. Kd2 $5 $18) 29... Rxe6 30. Bxd5 Kf6 31. Rxe6+ Rxe6 32. Bxe6
Kxe6 33. Kd2 c4 34. b5 Kd5 35. Ke3 Ke5 36. h4 h5 37. g3 g6 38. Kf3 Kf5 39. a4
$2 (39. g4+ $1 hxg4+ (39... Ke5 40. gxh5 $2 gxh5 $10) 40. Kg3 Ke5 41. Kxg4 Ke6
42. Kg5 Kf7 43. Kh6 Kf6 44. a4 Kf7 45. Kh7 Kf6 46. Kg8 $18) 39... Ke5 (39... g5
$1 40. hxg5 Kxg5 $10) 40. g4 Ke6 (40... hxg4+ 41. Kxg4 Kf6 42. Kf4 Kg7 43. Kg5
Kf7 44. h5 $1 gxh5 45. Kxh5 Kf6 46. Kg4 Ke5 47. Kg5 $1 Ke4 48. Kf6 Ke3 49. Ke5
Kd2 50. Kd4 $18) 41. gxh5 gxh5 42. Kf4 (42. Ke4 $1 $18) 42... Kf6 43. Ke4 Ke6
44. a5 bxa5 45. Kd4 Kf5 46. Kxc4 Kg4 47. Kb3 Kxh4 48. c4 Kg5 49. c5 h4 50. c6
h3 51. c7 h2 52. c8=Q h1=Q 53. Qd8+ Kf5 54. Qd3+ (54. Qxa5 Qb1+ $10) 54... Ke5
55. Qe3+ (55. c4 Qg1) 55... Kd6 56. Qd4+ Ke6 57. Qc4+ Kd6 58. Qf4+ Ke6 59. Qe3+
Kd6 60. c4 Qb1+ 61. Kc3 Qa1+ 62. Kd2 Qb2+ 63. Ke1 Qb4+ 64. Kd1 Qxc4 65. Qh6+
Kc5 66. Qe3+ Kxb5 1/2-1/2

[Event "Dortmund SuperGM 23rd"]
[Site "Dortmund"]
[Date "1995.07.15"]
[Round "2"]
[White "Karpov, Anatoly"]
[Black "Kramnik, Vladimir"]
[Result "1/2-1/2"]
[WhiteElo "2775"]
[BlackElo "2730"]
[Annotator "Von Gleich,A"]
[PlyCount "36"]
[EventDate "1995.07.14"]
[EventType "tourn"]
[EventRounds "9"]
[EventCountry "GER"]
[EventCategory "17"]
[SourceTitle "CBM 048"]
[Source "ChessBase"]
[SourceDate "1995.10.01"]
[SourceVersion "1"]
[SourceVersionDate "1995.10.01"]
[SourceQuality "1"]

1. d4 d5 2. c4 c6 3. Nc3 Nf6 4. e3 e6 5. Nf3 Nbd7 6. Bd3 dxc4 7. Bxc4 b5 8. Bd3
Bb7 9. a3 b4 10. Ne4 Nxe4 11. Bxe4 bxa3 12. bxa3 Bd6 13. Bd2 Rb8 (13... Qc7 14.
Bb4 (14. Qa4 O-O 15. Ba5 Nb6 16. Qc2 h6 17. Nd2 (17. Bb4 c5 18. Bxb7 Qxb7 19.
dxc5 Rfc8 {nebst Nd7 und Ausgleich}) 17... Rfc8 (17... e5 18. dxe5 Bxe5 19. Rc1
$14) (17... Qe7 $1 {visiert die weiße Schwäche a3 an und sichert dadurch
ausreichendes Gegenspiel} 18. O-O Bxa3 (18... Rac8 $2 19. Bb4 Bxb4 20. axb4
Qxb4 $2 21. Rxa7 $18)) 18. Nc4 Bf8 19. Rb1 $16) 14... c5 (14... Bxb4+ 15. axb4
a5 16. bxa5 (16. O-O axb4 17. Rxa8+ Bxa8 18. Qc2 Nf6) 16... Rxa5 17. O-O Rxa1
18. Qxa1 O-O 19. Rc1 c5 20. Bxb7 Qxb7 21. dxc5 Rc8 22. Qa5 Qd5 (22... Qc7 23.
Qxc7 Rxc7 24. c6 $16) 23. e4 Qxe4 (23... Qh5 24. h3 h6 {und Schwarz kann sich
halten}) 24. c6 h6 25. h3 Nf6 26. Qa6) 15. Bxb7 Qxb7 16. dxc5 Bxc5 17. Bxc5
Nxc5 18. Qd4 Qb5 (18... Qb2 $1 19. O-O Qxd4 20. Nxd4) 19. Qxg7 Nd3+ 20. Kd2
O-O-O 21. Nd4 Nc5) 14. Qa4 (14. Rb1 O-O 15. O-O (15. Qc2 Nf6 16. Bd3 c5 $1 17.
dxc5 Bxc5 18. Bxh7+ Nxh7 19. Qxc5 Qd3 $132) 15... Nf6 $10) 14... c5 (14... Qc7
15. Rb1 c5 16. Rxb7 (16. Ba5 Bxe4 (16... Qc8 17. Bxb7 (17. dxc5 Bxe4) (17. Rxb7
Rxb7 18. dxc5 Bxc5 19. Ne5 Bd6 (19... f6 20. Nxd7 Rxd7 21. O-O O-O 22. Rc1 $16)
20. Nxd7 (20. Nc4 Be7 (20... Bb4+ 21. Bxb4 Qxc4 22. Bxb7 Qc1+ 23. Qd1 $18))
20... Rxd7 21. O-O (21. Bc6 Ke7 22. O-O Rc7 23. Rc1 Qb8 24. Bxc7 Qxc7 25. g3
Rc8 26. Qh4+ Kf8 27. Qxh7 Bxa3 28. Rc4 $14) 21... O-O 22. Rd1 f5 23. Bf3 Rff7)
17... Rxb7 18. Rxb7 Qxb7 19. O-O) 17. Bxc7 Rxb1+ 18. Kd2 Bxc7 19. Rxb1 Bxb1 20.
Qxa7 $16 Bb6)) 15. Bxb7 Rxb7 16. dxc5 Bxc5 17. Ba5 Qb8 (17... Qc8 18. O-O O-O
19. Rac1 Nb6 20. Qe4 Rc7 21. Ng5 g6 22. Qh4 (22. Bc3 Bxa3 (22... Nd5 23. Bb2)
23. Nxh7 (23. Qh4 f5 (23... f6 $1 24. Bxf6 Bxc1 $19) 24. Bg7 $3 Kxg7 (24...
Rxg7 25. Rxc8) 25. Rxc7+ Qxc7 26. Nxe6+ $18) 23... f5 24. Qe5 Rxh7 $19) 22...
h5 23. g4 {Der abenteuerlichste Versuch, der zwar objektiv schlecht ist, aber
sehr zur Erheiterung der kiebitzenden Laien - wie Ihrem Berichterstatter-
beitrug.} Be7 24. gxh5 Rxc1 25. hxg6 Rxf1+ 26. Kg2 Rxf2+ $3 (26... Qc6+ $2 27.
e4) 27. Kxf2 fxg6+ $19) 18. Rd1 O-O (18... O-O 19. Rxd7 Qe8 20. Ne5 Bd6 (20...
Rb1+ 21. Ke2 Rxh1 {Diese Stellung wurden von den beiden Kontrahenten über eine
Stunde kontrovers diskutiert, wobei Karpow an die weißen Angriffschancen und
Kramnik an die Verteidigungsfähigkeit glaubte. Einige der rasant vorgeführten
Varianten seien kurz angeführt.} 22. Qc6 (22. Bc3 Qc8 23. Qg4 h5 (23... g6 24.
Nxg6 $3 hxg6 (24... Qxd7 25. Ne7#) 25. Qh4 Qa6+ 26. Kf3 Qc6+ 27. e4 $18) 24.
Qxh5 (24. Qg5 Be7 $3 $17) 24... Be7 (24... Bd6 25. Rxf7 Qxc3 26. Rxf8+ Bxf8 (
26... Kxf8 27. Qf7#) 27. Qf7+ {Weiß hat Minimum Dauerschach, aber Karpow
probierte weiter...} Kh7 28. Qg6+ Kh8 (28... Kg8 $2 29. Qxe6+) 29. Qxe6 $5 Qc2+
30. Kf3 Qd1+ 31. Ke4 {Karpow, und wenn auch hier Dauerschach das
wahrscheinlichste Ergebnis ist, so wurde doch herzhaft weiter gezockt, wobei
die inzwischen vom A-Open herüberkommenden GM s lebhaft mit herum zockten.})
25. Rxe7 Qxc3 26. Kf3 Qc2 27. Kg3 Rf1 28. Ng4 Qf5 29. Qxf5 exf5 30. Ne5 $13) (
22. Nxf7) 22... Rc1 23. Bd2) 21. O-O Bxe5 22. Rfd1 Rxd7 23. Qxd7 Qb8 $14)
1/2-1/2